[Event "Oberliga Nord N 1314"]
[Site "Germany"]
[Date "2013.12.15"]
[Round "4.8"]
[White "Groetzbach, Daniel"]
[Black "Pachow, Joerg"]
[Result "0-1"]
[WhiteElo "1962"]
[BlackElo "2265"]
[PlyCount "119"]
[EventDate "2013.10.13"]
[EventType "team-tourn"]
[EventRounds "9"]
[EventCountry "GER"]
[SourceTitle "EXT 2015"]
[Source "ChessBase"]
[SourceDate "2014.11.20"]
[SourceVersion "1"]
[SourceVersionDate "2014.11.20"]
[SourceQuality "1"]
[WhiteTeam "Hamburger SK III"]
[BlackTeam "Schwerin"]
[WhiteTeamCountry "GER"]
[BlackTeamCountry "GER"]

1. e4 c5 2. Nf3 g6 3. d4 cxd4 4. Nxd4 Bg7 5. c4 Nc6 6. Be3 Nf6 7. Nc3 Ng4 8. Qxg4 Nxd4 9. Qd1 Ne6 10. Rc1 b6 11. Bd3 Bb7 12. f3 Bd4 13. Qd2 Bxe3 14. Qxe3 Qc7 15. 0-0 Qc5 16. Rfe1 f6 17. Nd5 Kf7 18. g3 Qxe3+ 19. Rxe3 Rhc8 20. Bf1 Nd4 21. Rd3 e5 22. Nb4 f5 23. exf5 gxf5 24. Kf2 d5 25. Rdc3 dxc4 26. Bxc4+ Ke7 27. Bd5 Rxc3 28. Rxc3 Bxd5 29. Nxd5+ Kd6 30. Nc7 Rd8 31. Na6 Ke6 32. a4 h5 33. Ke3 h4 34. Rc7 hxg3 35. hxg3 Rg8 36. Kf2 Rh8 37. Kg2 e4 38. fxe4 fxe4 39. Kf2 Nf5 40. g4 Nd6 41. Rxa7 Rh2+ 42. Ke3 Rxb2 43. Nb8 Rb3+ 44. Ke2 Nc4 45. Nc6 Rb2+ 46. Ke1 Rg2 47. Rg7 Kd5 48. Ne7+ Kd4 49. Nf5+ Ke5 50. Rc7 Nb2 51. Ne3 Nd3+ 52. Kd1 Ra2 53. Nc4+ Kd4 54. Nxb6 Ra1+ 55. Kd2 e3+ 56. Ke2 Ra2+ 57. Kf3 Rf2+ 58. Kg3 e2 59. Rc4+ Ke5 60. Nd7+ 0-1

[Event "Oberliga Nord N 1314"]
[Site "Germany"]
[Date "2013.10.13"]
[Round "1.7"]
[White "Lampe, Joerg"]
[Black "Pachow, Joerg"]
[Result "0-1"]
[WhiteElo "2213"]
[BlackElo "2265"]
[PlyCount "58"]
[EventDate "2013.10.13"]
[EventType "team-tourn"]
[EventRounds "9"]
[EventCountry "GER"]
[SourceTitle "EXT 2015"]
[Source "ChessBase"]
[SourceDate "2014.11.20"]
[SourceVersion "1"]
[SourceVersionDate "2014.11.20"]
[SourceQuality "1"]
[WhiteTeam "Hamburg Koenigsspringer"]
[BlackTeam "Schwerin"]
[WhiteTeamCountry "GER"]
[BlackTeamCountry "GER"]

1. e4 c5 2. Nf3 g6 3. c3 d5 4. exd5 Qxd5 5. d4 Bg7 6. dxc5 Qxc5 7. Be3 Qa5 8. Bc4 Nf6 9. Ng5 0-0 10. Qb3 e6 11. Nd2 Ng4 12. Bxe6 Nxe3 13. Bxc8 Nc6 14. Nxf7 Rxf7 15. Be6 Nxg2+ 16. Kd1 Raf8 17. Ne4 Qe5 18. f3 Nd8 19. Bxf7+ Nxf7 20. Ke2 Nf4+ 21. Kf2 Kh8 22. Rad1 Ng5 23. Qxb7 Nfh3+ 24. Kg2 Nxf3 25. Kxh3 Qh5+ 26. Kg3 Be5+ 27. Kg2 Nh4+ 28. Kh3 Nf5+ 29. Kg2 Ne3+ 0-1

[Event "Mecklenburg VP VL 1213"]
[Site "Mecklenburg VP"]
[Date "2012.11.25"]
[Round "3.8"]
[White "Hantel, Thomas"]
[Black "Pachow, Joerg"]
[Result "0-1"]
[WhiteElo "1659"]
[BlackElo "2207"]
[PlyCount "84"]
[EventDate "2012.10.14"]
[EventType "team-tourn"]
[EventRounds "9"]
[EventCountry "GER"]
[SourceTitle "EXT 2022"]
[Source "ChessBase"]
[SourceDate "2021.10.06"]
[SourceVersion "1"]
[SourceVersionDate "2021.10.06"]
[SourceQuality "1"]
[WhiteTeam "Rostock HSG Uni"]
[BlackTeam "Schwerin SF"]
[WhiteTeamCountry "GER"]
[BlackTeamCountry "GER"]

1. d4 Nf6 2. c4 e6 3. Nf3 Bb4+ 4. Bd2 Be7 5. Nc3 d5 6. Bg5 0-0 7. e3 b6 8. Bd3 Bb7 9. 0-0 Nbd7 10. Rc1 a6 11. Qe2 dxc4 12. Bxc4 b5 13. Bd3 c5 14. dxc5 Nxc5 15. Bc2 b4 16. Na4 Nxa4 17. Bxa4 Qa5 18. Bxf6 Bxf6 19. b3 Rac8 20. Nd2 Rc3 21. Nc4 Qc5 22. Rxc3 bxc3 23. Rd1 Rc8 24. Qd3 g6 25. Qc2 Qg5 26. e4 Qf4 27. f3 Qc7 28. g3 Qc5+ 29. Kg2 Bd4 30. Bd7 Rc7 31. Ba4 a5 32. Qd3 e5 33. f4 f5 34. Kf1 Bxe4 35. Qe2 c2 36. Rc1 exf4 37. gxf4 Kg7 38. Qe1 Bd3+ 39. Kg2 Re7 40. Qxa5 Re2+ 41. Kh3 Qxa5 42. Nxa5 Be3 0-1

[Event "Mecklenburg VP VL 1213"]
[Site "Mecklenburg VP"]
[Date "2012.11.13"]
[Round "2.8"]
[White "Pachow, Joerg"]
[Black "Greinert, Timo"]
[Result "1-0"]
[WhiteElo "2207"]
[BlackElo "1815"]
[PlyCount "47"]
[EventDate "2012.10.14"]
[EventType "team-tourn"]
[EventRounds "9"]
[EventCountry "GER"]
[SourceTitle "EXT 2022"]
[Source "ChessBase"]
[SourceDate "2021.10.06"]
[SourceVersion "1"]
[SourceVersionDate "2021.10.06"]
[SourceQuality "1"]
[WhiteTeam "Schwerin SF"]
[BlackTeam "Torgelow Droegeheide"]
[WhiteTeamCountry "GER"]
[BlackTeamCountry "GER"]

1. Nf3 d5 2. g3 Nf6 3. Bg2 Bf5 4. 0-0 Nbd7 5. c4 c6 6. b3 e6 7. Bb2 Be7 8. d3 h6 9. Nbd2 0-0 10. Qc2 Rc8 11. Rad1 Qc7 12. Nd4 Bh7 13. Bh3 Rfe8 14. Qb1 Bd6 15. Qa1 c5 16. Nb5 Qb8 17. cxd5 Nxd5 18. Bxg7 Be5 19. Bxe5 Nxe5 20. Nc4 Nxc4 21. dxc4 a6 22. cxd5 axb5 23. dxe6 fxe6 24. Rd7 1-0

[Event "BL2-Nord 1112"]
[Site "Germany"]
[Date "2012.03.18"]
[Round "8.8"]
[White "Pachow, Joerg"]
[Black "Steffens, Olaf"]
[Result "1-0"]
[WhiteElo "2259"]
[BlackElo "2235"]
[PlyCount "49"]
[EventDate "2011.10.02"]
[EventType "team-tourn"]
[EventRounds "9"]
[EventCountry "GER"]
[SourceTitle "EXT 2015"]
[Source "ChessBase"]
[SourceDate "2014.11.20"]
[SourceVersion "1"]
[SourceVersionDate "2014.11.20"]
[SourceQuality "1"]
[WhiteTeam "Neukloster"]
[BlackTeam "Werder Bremen II"]
[WhiteTeamCountry "GER"]
[BlackTeamCountry "GER"]

1. Nf3 b6 2. e4 Bb7 3. Nc3 Nf6 4. e5 Nd5 5. Nxd5 Bxd5 6. d4 e6 7. Bd3 c5 8. 0-0 Nc6 9. dxc5 Bxf3 10. Qxf3 Nxe5 11. Qg3 Nxd3 12. cxd3 bxc5 13. Be3 Qb8 14. Bf4 Qb6 15. b4 cxb4 16. Rac1 d6 17. Rc4 g6 18. Rfc1 Be7 19. Rc7 Rd8 20. Be3 Qb5 21. Rxa7 Bf6 22. Qf3 Qf5 23. Qc6+ Kf8 24. Bh6+ Bg7 25. Qxd6+ 1-0

[Event "BL2-Nord 1011"]
[Site "Germany"]
[Date "2011.04.10"]
[Round "9.8"]
[White "Schwekendiek, Ulrich"]
[Black "Pachow, Joerg"]
[Result "1/2-1/2"]
[WhiteElo "2279"]
[BlackElo "2256"]
[PlyCount "85"]
[EventDate "2010.10.10"]
[EventType "team-tourn"]
[EventRounds "9"]
[EventCountry "GER"]
[SourceTitle "EXT 2012"]
[Source "ChessBase"]
[SourceDate "2011.11.24"]
[SourceVersion "1"]
[SourceVersionDate "2011.11.24"]
[SourceQuality "1"]
[WhiteTeam "Pankow Rotation"]
[BlackTeam "Neukloster"]
[WhiteTeamCountry "GER"]
[BlackTeamCountry "GER"]

1. e4 c5 2. c3 d5 3. exd5 Qxd5 4. d4 Nc6 5. Be3 cxd4 6. cxd4 e6 7. Nf3 Nf6 8. Nc3 Qd8 9. Bd3 Be7 10. 0-0 0-0 11. a3 b6 12. Qe2 Bb7 13. Rac1 Rc8 14. Rfd1 Nd5 15. Bb1 Nxc3 16. bxc3 Qd5 17. c4 Qh5 18. Bf4 Na5 19. Rc3 b5 20. c5 Nc4 21. a4 a6 22. axb5 axb5 23. Rb3 Rfd8 24. Bc2 Bc6 25. h3 Bf6 26. Be3 e5 27. dxe5 Nxe5 28. Rxd8+ Rxd8 29. Nd4 Qxe2 30. Nxe2 Nc4 31. Bf4 g5 32. Bc1 Be7 33. Nc3 Nd2 34. Bxd2 Rxd2 35. Be4 Bxe4 36. Nxe4 Rd1+ 37. Kh2 f5 38. Ng3 Bxc5 39. Rxb5 Bxf2 40. Rxf5 Bg1+ 41. Kh1 Bf2+ 42. Kh2 Bg1+ 43. Kh1 1/2-1/2

[Event "BL2-Nord 1011"]
[Site "Germany"]
[Date "2011.02.27"]
[Round "7.8"]
[White "Lieb, Harald"]
[Black "Pachow, Joerg"]
[Result "0-1"]
[WhiteElo "2235"]
[BlackElo "2256"]
[PlyCount "68"]
[EventDate "2010.10.10"]
[EventType "team-tourn"]
[EventRounds "9"]
[EventCountry "GER"]
[SourceTitle "EXT 2012"]
[Source "ChessBase"]
[SourceDate "2011.11.24"]
[SourceVersion "1"]
[SourceVersionDate "2011.11.24"]
[SourceQuality "1"]
[WhiteTeam "Zehlendorf"]
[BlackTeam "Neukloster"]
[WhiteTeamCountry "GER"]
[BlackTeamCountry "GER"]

1. d4 d6 2. c4 e5 3. dxe5 dxe5 4. Qxd8+ Kxd8 5. Nc3 c6 6. Nf3 f6 7. Be3 Be6 8. 0-0-0+ Kc7 9. Nd2 Ne7 10. f3 Nd7 11. Bf2 a5 12. e4 a4 13. Be2 Ng6 14. Ndb1 b6 15. g3 Bc5 16. Bxc5 bxc5 17. h4 h6 18. Rd2 Nb6 19. Na3 Rhd8 20. Rhd1 Rxd2 21. Rxd2 Bf7 22. Nd1 Nf8 23. Ne3 Ne6 24. Bd1 Nd4 25. Rd3 Be6 26. Rc3 g6 27. f4 Nc8 28. Bg4 Bxg4 29. Nxg4 Ne2+ 30. Kd2 Nxc3 31. Kxc3 exf4 32. gxf4 f5 33. exf5 gxf5 34. Nxh6 Nd6 0-1

[Event "BL2-Nord 1011"]
[Site "Germany"]
[Date "2010.11.14"]
[Round "3.8"]
[White "Pachow, Joerg"]
[Black "Skibbe, Willi"]
[Result "0-1"]
[WhiteElo "2256"]
[BlackElo "2191"]
[PlyCount "98"]
[EventDate "2010.10.10"]
[EventType "team-tourn"]
[EventRounds "9"]
[EventCountry "GER"]
[SourceTitle "EXT 2012"]
[Source "ChessBase"]
[SourceDate "2011.11.24"]
[SourceVersion "1"]
[SourceVersionDate "2011.11.24"]
[SourceQuality "1"]
[WhiteTeam "Neukloster"]
[BlackTeam "Rostock SSC 07"]
[WhiteTeamCountry "GER"]
[BlackTeamCountry "GER"]

1. Nf3 Nc6 2. d4 d5 3. g3 Bf5 4. Bg2 e6 5. 0-0 Nb4 6. Na3 Be7 7. c3 Na6 8. Nc2 Be4 9. Nce1 Nf6 10. Bh3 0-0 11. Ne5 c6 12. f3 Bf5 13. Bxf5 exf5 14. Qd3 g6 15. Nxc6 bxc6 16. Qxa6 c5 17. Nd3 cxd4 18. cxd4 Re8 19. Bd2 Bd6 20. Rac1 Rxe2 21. Bg5 Re6 22. Rc6 Kg7 23. Re1 Rxe1+ 24. Nxe1 Be7 25. Qe2 Ng8 26. Bxe7 Qxe7 27. Qxe7 Nxe7 28. Ra6 Re8 29. Nd3 Nc8 30. Kf2 Re7 31. b3 Rc7 32. Ke3 Nb6 33. Kd2 Kf8 34. a4 Ke8 35. a5 Nc8 36. Nb4 Ne7 37. Na2 Nc6 38. Kd3 Ke7 39. h4 Nb8 40. Nb4 Nxa6 41. Nxa6 Rc1 42. Nc5 Kd6 43. Nb7+ Kc7 44. a6 Kb6 45. Nd6 Rc7 46. Ne8 Rc6 47. g4 fxg4 48. fxg4 Re6 49. Ng7 Re4 0-1

[Event "BL2-Nord 0910"]
[Site "Germany"]
[Date "2009.11.29"]
[Round "3.8"]
[White "Pachow, Joerg"]
[Black "Meyer, Malte"]
[Result "1/2-1/2"]
[WhiteElo "2285"]
[BlackElo "2294"]
[PlyCount "42"]
[EventDate "2009.10.18"]
[EventType "team-tourn"]
[EventRounds "9"]
[EventCountry "GER"]
[SourceTitle "EXT 2011"]
[Source "ChessBase"]
[SourceDate "2010.11.26"]
[SourceVersion "1"]
[SourceVersionDate "2010.11.26"]
[SourceQuality "1"]
[WhiteTeam "Neukloster"]
[BlackTeam "Delmenhorst"]
[WhiteTeamCountry "GER"]
[BlackTeamCountry "GER"]

1. e4 e5 2. Nf3 Nc6 3. Bb5 Nf6 4. d3 d6 5. c3 a6 6. Ba4 g6 7. d4 b5 8. Bb3 Bg7 9. Bg5 Bb7 10. 0-0 h6 11. Bxf6 Qxf6 12. Bd5 0-0 13. a4 Rab8 14. axb5 axb5 15. Qb3 exd4 16. Qxb5 Ne5 17. Bxb7 Nxf3+ 18. gxf3 Qxf3 19. cxd4 Qg4+ 20. Kh1 Qf3+ 21. Kg1 Qg4+ 1/2-1/2

[Event "BL2-Nord 0809"]
[Site "Germany"]
[Date "2009.01.18"]
[Round "5.8"]
[White "Bogomolow, Sergej"]
[Black "Pachow, Joerg"]
[Result "0-1"]
[WhiteElo "2185"]
[BlackElo "2265"]
[PlyCount "112"]
[EventDate "2008.10.05"]
[EventType "team-tourn"]
[EventRounds "9"]
[EventCountry "GER"]
[SourceTitle "CBM 129 Extra"]
[Source "ChessBase"]
[SourceDate "2009.05.05"]
[SourceVersion "2"]
[SourceVersionDate "2009.05.20"]
[SourceQuality "1"]
[WhiteTeam "Uelzen Post"]
[BlackTeam "Neukloster"]
[WhiteTeamCountry "GER"]
[BlackTeamCountry "GER"]

1. e4 c5 2. Nf3 d6 3. Bb5+ Nd7 4. d4 cxd4 5. Qxd4 a6 6. Bxd7+ Bxd7 7. 0-0 Bc6 8. Bg5 h6 9. Bh4 Qa5 10. Nbd2 e5 11. Qd3 g5 12. Bg3 Nf6 13. Nc4 Qc5 14. Nfd2 Rd8 15. Rad1 Be7 16. Ne3 Qb4 17. a3 Qxb2 18. Nf5 Qb5 19. c4 Qb6 20. Kh1 Qc7 21. Rfe1 Nd7 22. Qf3 Nc5 23. Ng7+ Kf8 24. Nf5 Bd7 25. Ne3 Be6 26. Qh5 Kg7 27. h4 Nd3 28. Rf1 gxh4 29. Bh2 Rdg8 30. Nf3 Nf4 31. Bxf4 exf4 32. Nd5 Bxd5 33. Rxd5 Qxc4 34. Rb1 b5 35. Nd4 Kf8 36. Re1 Rg5 37. Rxg5 Bxg5 38. Nf5 Qe6 39. Rc1 d5 40. Rc7 dxe4 41. Nd6 Be7 42. Rc8+ Kg7 43. Nf5+ Kh7 44. Nxh6 Rxc8 45. Nf5+ Kg8 46. Nxe7+ Qxe7 47. Qg4+ Kh7 48. Qxc8 Qe6 49. Qc5 Qg6 50. Qe7 f3 51. g4 hxg3 52. fxg3 Qh6+ 53. Kg1 Qe3+ 54. Kh2 Qd2+ 55. Kh3 Qh6+ 56. Kg4 Qe6+ 0-1

[Event "Mecklenburg VP LL 0809"]
[Site "Mecklenburg VP"]
[Date "2008.11.30"]
[Round "3.1"]
[White "Pachow, Joerg"]
[Black "Van Bentum, Horst"]
[Result "1/2-1/2"]
[WhiteElo "2218"]
[BlackElo "2013"]
[PlyCount "125"]
[EventDate "2008.10.05"]
[EventType "team-tourn"]
[EventRounds "9"]
[EventCountry "GER"]
[SourceTitle "EXT 2022"]
[Source "ChessBase"]
[SourceDate "2021.10.06"]
[SourceVersion "1"]
[SourceVersionDate "2021.10.06"]
[SourceQuality "1"]
[WhiteTeam "Neukloster II"]
[BlackTeam "Rostock HSG Uni"]
[WhiteTeamCountry "GER"]
[BlackTeamCountry "GER"]

1. Nf3 Nf6 2. g3 b6 3. Bg2 Bb7 4. 0-0 e6 5. b3 Be7 6. Bb2 0-0 7. c4 c5 8. Nc3 d5 9. cxd5 Nxd5 10. Nxd5 Bxd5 11. d3 Bf6 12. Qd2 Bxb2 13. Qxb2 Na6 14. Rad1 Qf6 15. Ne5 Bxg2 16. Kxg2 Rfd8 17. Rd2 Nb4 18. a3 Nd5 19. Rc1 Rac8 20. Rc4 Qe7 21. Nf3 b5 22. Rc1 b4 23. Rc4 a5 24. axb4 axb4 25. d4 cxd4 26. Rdxd4 f6 27. e4 Nc3 28. Rxb4 Rxd4 29. Rxd4 e5 30. Rc4 Rxc4 31. bxc4 Nxe4 32. Qb8+ Kf7 33. Qa8 Nc5 34. Qd5+ Kf8 35. h4 Qc7 36. h5 Ke7 37. Qg8 Ne6 38. Qxh7 Qc6 39. Qf5 Nd4 40. Qd3 Ke6 41. g4 Nxf3 42. Qxf3 Qxc4 43. Qf5+ Ke7 44. Qg6 Qf7 45. Qe4 Qe6 46. Kh3 Qb3+ 47. Kh4 Qb6 48. Kg3 Qb3+ 49. Qf3 Qb1 50. Qa3+ Kf7 51. Qa7+ Kg8 52. Qa8+ Kh7 53. Qf3 Qg1+ 54. Kh3 Qf1+ 55. Kh2 Qb1 56. Kg2 Qc2 57. h6 Qg6 58. hxg7 Kxg7 59. Qb7+ Kh6 60. Kg3 Qd3+ 61. f3 Qe3 62. Kg2 Qe2+ 63. Kg3 1/2-1/2

[Event "BL2-Nord 0809"]
[Site "Germany"]
[Date "2008.10.26"]
[Round "2.8"]
[White "Pachow, Joerg"]
[Black "Bohnsack, Ralf"]
[Result "1-0"]
[WhiteElo "2265"]
[BlackElo "2170"]
[PlyCount "75"]
[EventDate "2008.10.05"]
[EventType "team-tourn"]
[EventRounds "9"]
[EventCountry "GER"]
[SourceTitle "CBM 129 Extra"]
[Source "ChessBase"]
[SourceDate "2009.05.05"]
[SourceVersion "2"]
[SourceVersionDate "2009.05.20"]
[SourceQuality "1"]
[WhiteTeam "Neukloster"]
[BlackTeam "Norderstedt"]
[WhiteTeamCountry "GER"]
[BlackTeamCountry "GER"]

1. Nf3 c5 2. g3 Nc6 3. Bg2 g6 4. 0-0 Bg7 5. c4 Nf6 6. Nc3 0-0 7. d4 cxd4 8. Nxd4 Ng4 9. Nc2 d6 10. Ne3 Nxe3 11. Bxe3 Be6 12. Nd5 Qd7 13. Qd2 Bh3 14. Rac1 Bxg2 15. Kxg2 Rab8 16. f3 Rfe8 17. b4 e6 18. Nf4 b5 19. cxb5 Rxb5 20. a4 Rb7 21. b5 Ne5 22. Nd3 Nxd3 23. Qxd3 d5 24. Rfd1 Rc8 25. Rxc8+ Qxc8 26. Rc1 Rc7 27. Rxc7 Qxc7 28. b6 axb6 29. Qb5 d4 30. Qe8+ Bf8 31. Bxd4 Qc4 32. Bxb6 Qxe2+ 33. Bf2 Kg7 34. Qb5 Qa2 35. a5 Be7 36. a6 h5 37. h4 Bf6 38. Qb6 1-0

[Event "Bundesliga 0607"]
[Site "Germany"]
[Date "2007.03.17"]
[Round "12.7"]
[White "Pachow, Joerg"]
[Black "Ernst, Sipke"]
[Result "0-1"]
[WhiteElo "2290"]
[BlackElo "2512"]
[PlyCount "96"]
[EventDate "2006.10.28"]
[EventType "team-tourn"]
[EventRounds "15"]
[EventCountry "GER"]
[SourceTitle "CBM 118"]
[Source "ChessBase"]
[SourceDate "2007.05.31"]
[SourceVersion "1"]
[SourceVersionDate "2007.05.31"]
[SourceQuality "1"]
[WhiteTeam "Berlin Tegel"]
[BlackTeam "Solingen"]
[WhiteTeamCountry "GER"]
[BlackTeamCountry "GER"]

1. e4 c6 2. d4 d5 3. Nd2 dxe4 4. Nxe4 Bf5 5. Ng3 Bg6 6. Bc4 e6 7. N1e2 Bd6 8. Bf4 Nf6 9. Qd2 0-0 10. 0-0 Nd5 11. Bxd5 cxd5 12. Bxd6 Qxd6 13. c3 Nc6 14. Nf4 f6 15. Nxg6 hxg6 16. Ne2 Kf7 17. Qf4 Qd7 18. Qg4 Rh8 19. Rae1 Rae8 20. h4 Rh6 21. Nf4 Qd6 22. Re3 e5 23. dxe5 Nxe5 24. Qd1 Rxh4 25. Qxd5+ Qxd5 26. Nxd5 Rd8 27. Nb4 Rd2 28. f4 Rg4 29. Rf2 Rxf2 30. Kxf2 Rxf4+ 31. Ke1 Rg4 32. Re2 Rh4 33. b3 Rh1+ 34. Kd2 Ra1 35. Ke3 Ke6 36. c4 Rd1 37. Nd5 g5 38. a4 Rb1 39. b4 Nxc4+ 40. Kd4+ Ne5 41. Rd2 Rb3 42. Nc7+ Kd6 43. Nb5+ Ke7 44. Kc5 b6+ 45. Kd5 Rxb4 46. Nxa7 Kd7 47. Ra2 Ng6 48. g3 Ne7# 0-1

[Event "Bundesliga 0607"]
[Site "Germany"]
[Date "2006.12.09"]
[Round "5.7"]
[White "Pachow, Joerg"]
[Black "Nun, Jiri"]
[Result "1/2-1/2"]
[WhiteElo "2290"]
[BlackElo "2382"]
[PlyCount "60"]
[EventDate "2006.10.28"]
[EventType "team-tourn"]
[EventRounds "15"]
[EventCountry "GER"]
[SourceTitle "CBM 116"]
[Source "ChessBase"]
[SourceDate "2007.02.01"]
[SourceVersion "1"]
[SourceVersionDate "2007.02.01"]
[SourceQuality "1"]
[WhiteTeam "Berlin Tegel"]
[BlackTeam "Bann"]
[WhiteTeamCountry "GER"]
[BlackTeamCountry "GER"]

1. e4 c5 2. Nf3 Nc6 3. Nc3 e5 4. Bc4 d6 5. d3 Be7 6. Nd2 Bg5 7. Nf1 Bxc1 8. Qxc1 Nf6 9. Ne3 a6 10. a4 0-0 11. 0-0 Nd4 12. Qd1 Rb8 13. Ncd5 b5 14. axb5 axb5 15. Nxf6+ Qxf6 16. Bd5 Ne6 17. g3 Nc7 18. Ra7 Qd8 19. Qh5 Be6 20. Rfa1 Bxd5 21. Nxd5 Nxd5 22. exd5 g6 23. Qh3 Qf6 24. b3 b4 25. Kg2 h5 26. Qh4 Qxh4 27. gxh4 Rfd8 28. R1a6 Kg7 29. Kf3 Kf6 30. Rc6 g5 1/2-1/2

[Event "Bundesliga 0607"]
[Site "Germany"]
[Date "2006.11.19"]
[Round "4.8"]
[White "Thinius, Marco"]
[Black "Pachow, Joerg"]
[Result "1-0"]
[WhiteElo "2369"]
[BlackElo "2290"]
[PlyCount "95"]
[EventDate "2006.10.28"]
[EventType "team-tourn"]
[EventRounds "15"]
[EventCountry "GER"]
[SourceTitle "EXT 2007"]
[Source "ChessBase"]
[SourceDate "2006.11.23"]
[SourceVersion "1"]
[SourceVersionDate "2006.11.23"]
[SourceQuality "1"]
[WhiteTeam "Berlin SF"]
[BlackTeam "Berlin Tegel"]
[WhiteTeamCountry "GER"]
[BlackTeamCountry "GER"]

1. e4 c5 2. Nf3 Nc6 3. Bb5 g6 4. Bxc6 dxc6 5. d3 Bg7 6. h3 Nf6 7. Nc3 Nd7 8. Be3 e5 9. Qd2 h6 10. 0-0 Qe7 11. Nh2 Nf8 12. f4 exf4 13. Rxf4 Be6 14. Rf2 Nd7 15. Raf1 Ne5 16. Ne2 0-0-0 17. Qa5 b6 18. Qa4 Kb7 19. Nf4 Rhf8 20. b3 Bc8 21. Qa3 Qd6 22. Qc1 f5 23. exf5 Rxf5 24. Ne2 Rxf2 25. Rxf2 g5 26. Nc3 Rf8 27. Ne4 Qe7 28. Rxf8 Qxf8 29. Qf1 Qxf1+ 30. Nxf1 Kc7 31. Nfg3 Nf7 32. Kf2 Be5 33. Kf3 a5 34. Nh5 a4 35. Nhf6 a3 36. g4 Kd8 37. Nh5 Be6 38. Nhg3 Bb2 39. Ne2 Ne5+ 40. Kf2 Nf7 41. Ng1 Kc7 42. Nf3 Nd6 43. Nxd6 Kxd6 44. Kg3 Bd5 45. h4 Bxf3 46. Kxf3 gxh4 47. Bxh6 Be5 48. Kg2 1-0

[Event "Bundesliga 0607"]
[Site "Germany"]
[Date "2006.11.18"]
[Round "3.8"]
[White "Pachow, Joerg"]
[Black "Markos, Jan"]
[Result "1/2-1/2"]
[WhiteElo "2298"]
[BlackElo "2493"]
[PlyCount "65"]
[EventDate "2006.10.28"]
[EventType "team-tourn"]
[EventRounds "15"]
[EventCountry "GER"]
[SourceTitle "EXT 2007"]
[Source "ChessBase"]
[SourceDate "2006.11.23"]
[SourceVersion "1"]
[SourceVersionDate "2006.11.23"]
[SourceQuality "1"]
[WhiteTeam "Berlin Tegel"]
[BlackTeam "Bindlach"]
[WhiteTeamCountry "GER"]
[BlackTeamCountry "GER"]

1. e4 c5 2. Nf3 Nc6 3. Bb5 Qc7 4. Nc3 Nf6 5. 0-0 Nd4 6. Bc4 d6 7. Ng5 e6 8. f4 h6 9. Nf3 Bd7 10. a4 Nxe4 11. Nxe4 d5 12. Bxd5 exd5 13. Nc3 0-0-0 14. Nxd5 Qd6 15. c4 Bg4 16. a5 Nxf3+ 17. Rxf3 a6 18. d3 Qe6 19. Be3 Rxd5 20. cxd5 Qxd5 21. Rc1 Be7 22. h3 Bxf3 23. Qxf3 Qxf3 24. gxf3 Kb8 25. d4 cxd4 26. Bxd4 Rd8 27. Bb6 Rd7 28. Re1 f5 29. h4 h5 30. Kf1 Kc8 31. Rc1+ Kb8 32. Re1 Kc8 33. Rc1+ 1/2-1/2

[Event "Bundesliga 0607"]
[Site "Germany"]
[Date "2006.10.29"]
[Round "2.8"]
[White "Boidman, Yuri"]
[Black "Pachow, Joerg"]
[Result "1-0"]
[WhiteElo "2438"]
[BlackElo "2290"]
[PlyCount "83"]
[EventDate "2006.10.28"]
[EventType "team-tourn"]
[EventRounds "15"]
[EventCountry "GER"]
[SourceTitle "EXT 2007"]
[Source "ChessBase"]
[SourceDate "2006.11.23"]
[SourceVersion "1"]
[SourceVersionDate "2006.11.23"]
[SourceQuality "1"]
[WhiteTeam "Remagen"]
[BlackTeam "Berlin Tegel"]
[WhiteTeamCountry "GER"]
[BlackTeamCountry "GER"]

1. Nf3 Nf6 2. d4 g6 3. c4 Bg7 4. Nc3 0-0 5. Bf4 d6 6. e3 c6 7. Be2 a6 8. h3 b5 9. 0-0 bxc4 10. Bxc4 Nbd7 11. Rc1 Nb6 12. Bb3 Nbd5 13. Nxd5 cxd5 14. Bg5 Qa5 15. Qd2 Qb5 16. Rc7 a5 17. Bxf6 Bxf6 18. Rfc1 a4 19. Bd1 Ba6 20. Nh2 e5 21. dxe5 Bxe5 22. b3 a3 23. Bf3 Bb2 24. R1c2 Rab8 25. Bxd5 Qd3 26. Ng4 Qxd2 27. Rxd2 Rbc8 28. Rdc2 h5 29. Nh6+ Kg7 30. Nxf7 Kf6 31. f4 Rxc7 32. Rxc7 Bd3 33. Nxd6 g5 34. g3 gxf4 35. gxf4 Rd8 36. Rc6 Ke7 37. Nc8+ Ke8 38. Nb6 Bb1 39. Re6+ Kf7 40. Rd6+ Ke7 41. Rxd8 Kxd8 42. b4 1-0

[Event "BL2-Nord 0506"]
[Site "Germany"]
[Date "2005.11.27"]
[Round "3.7"]
[White "Asendorf, Joachim"]
[Black "Pachow, Joerg"]
[Result "1/2-1/2"]
[WhiteElo "2328"]
[BlackElo "2311"]
[PlyCount "98"]
[EventDate "2005.10.23"]
[EventType "team-tourn"]
[EventRounds "9"]
[EventCountry "GER"]
[SourceTitle "EXT 2007"]
[Source "ChessBase"]
[SourceDate "2006.11.23"]
[SourceVersion "1"]
[SourceVersionDate "2006.11.23"]
[SourceQuality "1"]
[WhiteTeam "Werder Bremen II"]
[BlackTeam "Koenig Tegel"]
[WhiteTeamCountry "GER"]
[BlackTeamCountry "GER"]

1. c4 e5 2. g3 Nf6 3. Bg2 d5 4. cxd5 Nxd5 5. Nf3 Nc6 6. 0-0 Be7 7. d4 exd4 8. Nxd4 Nxd4 9. Qxd4 Nf6 10. Qa4+ Qd7 11. Qc2 c6 12. e4 0-0 13. Nc3 Rd8 14. Bg5 Qe8 15. h3 Be6 16. Be3 Nd7 17. Rfd1 f6 18. Ne2 Bf7 19. f4 Nb6 20. b3 Rxd1+ 21. Rxd1 Rd8 22. Rd3 Rxd3 23. Qxd3 Qd8 24. Qxd8+ Bxd8 25. Nc1 a5 26. Kf2 a4 27. Ke2 axb3 28. axb3 Nd7 29. Kd3 Ba5 30. Bf3 Kf8 31. Bd4 Bb4 32. Kc2 Nc5 33. Kb2 Ne6 34. Bc3 Bxc3+ 35. Kxc3 g5 36. Nd3 gxf4 37. gxf4 Ke7 38. Bg4 b6 39. b4 Nc7 40. Kd4 Nb5+ 41. Ke3 Bc4 42. e5 Bxd3 43. Kxd3 fxe5 44. fxe5 Nc7 45. Bf5 h6 46. Kd4 Ne6+ 47. Ke4 Nc7 48. Kd4 Ne6+ 49. Ke4 Nc7 1/2-1/2

[Event "Budapest FS10 IM-B"]
[Site "Budapest"]
[Date "2005.10.07"]
[Round "7"]
[White "Pachow, Joerg"]
[Black "Galyas, Miklos"]
[Result "1/2-1/2"]
[WhiteElo "2311"]
[BlackElo "2424"]
[PlyCount "106"]
[EventDate "2005.10.01"]
[EventType "tourn"]
[EventRounds "11"]
[EventCountry "HUN"]
[SourceTitle "CBM 108 Extra"]
[Source "ChessBase"]
[SourceDate "2005.11.04"]
[SourceVersion "1"]
[SourceVersionDate "2005.11.04"]
[SourceQuality "1"]

1. e4 e6 2. d4 d5 3. Nc3 Bb4 4. exd5 exd5 5. Bd3 Nc6 6. a3 Bxc3+ 7. bxc3 Be6 8. Qf3 Qd7 9. Ne2 0-0-0 10. 0-0 Nf6 11. h3 Ne4 12. c4 Rhe8 13. c5 g5 14. Bb5 a6 15. Ba4 Kb8 16. Qb3 Ka8 17. f3 Nxc5 18. dxc5 d4 19. Qd3 Qd5 20. Bxc6 Qxc6 21. Bxg5 Rd5 22. Bh4 Bf5 23. Qd2 d3 24. cxd3 Rxd3 25. Qb2 Qh6 26. Be1 Bxh3 27. gxh3 Qxh3 28. Ng3 Qd7 29. Qg2 Rg8 30. f4 Qd4+ 31. Bf2 Rdxg3 32. Bxd4 Rxg2+ 33. Kh1 R2g4 34. Bg1 R8g6 35. Ra2 Rg3 36. Rh2 h6 37. f5 Rf6 38. Bd4 Rc6 39. f6 Rxa3 40. Rxh6 Rd3 41. Bg1 b5 42. cxb6 cxb6 43. Rh8+ Kb7 44. Re8 Rc2 45. Re7+ Kc6 46. Bh2 Kb5 47. Kg1 Rdd2 48. Bf4 Rg2+ 49. Kh1 Rg4 50. Re5+ Kc6 51. Rc1 Rh4+ 52. Kg1 Rg4+ 53. Kh1 Rh4+ 1/2-1/2